| 000 | 00483nam a22001817a 4500 | ||
|---|---|---|---|
| 003 | CEME | ||
| 005 | 20210628210123.0 | ||
| 008 | 210215b xxu||||| |||| 00| 0 eng d | ||
| 020 | _a0-87170-600-8 | ||
| 040 | _c. | ||
| 082 | _a671.52 WEL | ||
| 100 |
_aLampman, Steve. _978179 |
||
| 245 | _aWeld integrity and performance | ||
| 260 |
_aLONDON _bASM INTERNATIONAL _c1997 |
||
| 300 | _a417P | ||
| 650 |
_aWELDING-QUALITY CONTROL WELDABILITY WELDED JOINTS _978180 |
||
| 942 |
_cBK _2ddc |
||
| 999 |
_c583342 _d583342 |
||